As Eagles: (Record no. 2931)

MARC details
000 -LEADER
fixed length control field 00433nam a22001577a 4500
003 - CONTROL NUMBER IDENTIFIER
control field OSt
005 - DATE AND TIME OF LATEST TRANSACTION
control field 20181019144728.0
008 - FIXED-LENGTH DATA ELEMENTS--GENERAL INFORMATION
fixed length control field 181019b ||||| |||| 00| 0 eng d
040 ## - CATALOGING SOURCE
Transcribing agency DLC
082 ## - DEWEY DECIMAL CLASSIFICATION NUMBER
Classification number 248.4
Item number W899A
100 ## - MAIN ENTRY--PERSONAL NAME
Personal name Woodward, Dick
245 ## - TITLE STATEMENT
Title As Eagles:
Remainder of title How To Be An Eagle Disciple /
Statement of responsibility, etc. By Dick Woodward.
260 ## - PUBLICATION, DISTRIBUTION, ETC.
Place of publication, distribution, etc. Virginia, USA :
Name of publisher, distributor, etc. International Cooperating Ministries,
Date of publication, distribution, etc. 2000
300 ## - PHYSICAL DESCRIPTION
Extent 33 p.:
942 ## - ADDED ENTRY ELEMENTS (KOHA)
Source of classification or shelving scheme Dewey Decimal Classification
Koha item type Books
Holdings
Withdrawn status Lost status Source of classification or shelving scheme Damaged status Not for loan Collection code Home library Current library Shelving location Date acquired Cost, normal purchase price Total Checkouts Full call number Barcode Date last seen Price effective from Koha item type
    Dewey Decimal Classification     Non-fiction Harvest Mission College Harvest Mission College General Stacks 19.10.2018 50.00   248.4 W899A 000330 19.10.2018 19.10.2018 Books

OPAC Designed and Maintained by HMC Library Team.
Copyright © HMC Library,Greater Noida, UP.
For any Suggestions/Query Contact library via Email:libhmc@gmail.com